| 000 | 01097nam a2200337 i 4500 | ||
|---|---|---|---|
| 001 | 12267 | ||
| 003 | KOSZ 005 | ||
| 005 | 20210429093625.0 | ||
| 008 | 080306s1967 pl a f f 001 0 pol | ||
| 015 | _aPB 1967/8177 | ||
| 040 |
_aWA N _cKOSZ 005/RW _dKOSZ 005/RW _dKOSZ 005/HR |
||
| 046 | _k1967 | ||
| 080 | _a512.8 | ||
| 100 | 1 |
_aMostowski, Andrzej _d(1913-1975). _eAutor |
|
| 245 | 1 | 0 |
_aAlgebra wyższa. _nCz. 3 / _cA. Mostowski, M. Stark. |
| 250 | _aWyd. 3 fot. | ||
| 260 |
_aWarszawa : _bPaństwowe Wydawnictwo Naukowe, _c1967. |
||
| 300 |
_aVI, 266, [2] s. : _bil. ; _c25 cm. |
||
| 380 | _aKsiążki. | ||
| 388 | _a1901- | ||
| 490 | 1 |
_aBiblioteka Matematyczna ; _vt. 4. |
|
| 504 | _aIndeks. | ||
| 658 | _aMatematyka | ||
| 655 | 4 | _aPodręcznik | |
| 650 | 4 | _aAlgebra | |
| 710 | 2 |
_aPaństwowe Wydawnictwo Naukowe _4pbl. |
|
| 700 | 1 |
_aStark, Marceli _d(1907-1974) _eAutor |
|
| 830 | 0 |
_aBiblioteka Matematyczna, _vt. 4. |
|
| 856 |
_uhttp://koha.tu.koszalin.pl/cgi-bin/koha/opac-detail.pl?biblionumber=12276 _yKatalog online BPK |
||
| 942 |
_2UKD _cKS |
||
| 999 |
_c12276 _d12276 |
||